| 000 | 00342nam a22001337a 4500 | ||
|---|---|---|---|
| 003 | MACL | ||
| 005 | 20190629154208.0 | ||
| 008 | 190629b xxu||||| |||| 00| 0 eng d | ||
| 040 | _cMACL | ||
| 100 |
_aShekhar, Latika _975690 |
||
| 245 | _aIndian Constitution and Administration | ||
| 260 |
_aDelhi _bSharma & Company _c2017 |
||
| 942 |
_2ddc _cBK |
||
| 999 |
_c60363 _d60363 |
||